000 01273nam a2200361 c 4500
999 _c177964
_d177964
003 BLK
005 20250614121204.0
008 180411b bul|||||r ||||||| ||bul||
010 _aKNG00186661000
020 _a978-954-320-537-0
040 _aBLK
041 _aBUL
_cBUL
072 7 _2bullib
_aН84
_xБългарска художествена литература Н
080 _aБългарска литература
_b821.163.2
_x-32
_z821.163.2-32
100 1 _aЕнев, Деян
_eпърви автор
_gПопов, Деян Енев
_9365263
139 _aЕнев, Деян
_bЕ 64
245 1 0 _aГризли
_bНови разкази
_cДеян Енев; * Деян Енев Попов.
257 _aBGR
260 _bРива
_c2015
300 _a120 с.
_c20 см
380 _aX
500 _aПълното име на авт. е Деян Енчев Попов. - За автора.
653 _aразкази
659 _aН
700 1 _aПопов, Деян Енев
_e*
_9272523
852 _aЦб 279644
856 4 _qpdf
856 4 _qpdf
942 _cKNG
_n0
_08
944 _aCR
_c19.02.2016
_lЦветелина Шанова
_k30531
944 _aED
_c03.02.2017
_lф /
_kЛюдмила_Стоянова
999 _d177964